Voices of change: 20 Indian artists (Record no. 18697)

MARC details
000 -LEADER
fixed length control field 00529nam a2200181 a 4500
000 - LEADER
fixed length control field BKB
001 - CONTROL NUMBER
control field 156279
005 - DATE AND TIME OF LATEST TRANSACTION
control field 20200902162459.0
008 - FIXED-LENGTH DATA ELEMENTS--GENERAL INFORMATION
fixed length control field 180727 ### HIN
020 ## - INTERNATIONAL STANDARD BOOK NUMBER
International Standard Book Number 9789380581064
082 ## - DEWEY DECIMAL CLASSIFICATION NUMBER
Classification number 709.54
Item number V87V
100 ## - MAIN ENTRY--PERSONAL NAME
Personal name Voices of change: 20 Indian artists
245 ## - TITLE STATEMENT
Title Voices of change: 20 Indian artists
Statement of responsibility, etc edited by Gayatri Sinha
260 ## - PUBLICATION, DISTRIBUTION, ETC. (IMPRINT)
Place of publication, distribution, etc Mumbai
Name of publisher, distributor, etc Marg Foundations
Date of publication, distribution, etc 2010
300 ## - PHYSICAL DESCRIPTION
Extent 308p.
690 ## - LOCAL SUBJECT ADDED ENTRY--TOPICAL TERM (OCLC, RLIN)
Topical term or geographic name as entry element Art, Indic; India; Artists
700 ## - ADDED ENTRY--PERSONAL NAME
Personal name Sinha, Gayatri, ed.
Numeration
Titles and other words associated with a name
Holdings
Withdrawn status Lost status Damaged status Not for loan Home library Current library Date acquired Total Checkouts Full call number Barcode Date last seen Price effective from Koha item type
        Central University Of Rajasthan Central University Of Rajasthan 27/07/2018   709.54 V87V D453 02/09/2020 02/09/2020 Donated Books